Music Quiz

Random Music or Artist Quiz
Score 0/34 Timer 09:00
0 Plays Today
Singer Song % Correct
John LennonImagine
77.5%
Aretha FranklinRespect
75.1%
Billy JoelPiano Man
64.4%
Michael JacksonBillie Jean
60.9%
Van MorrisonBrown Eyed Girl
57.7%
Otis Redding(Sittin' On) The Dock of the Bay
57.4%
Jimi HendrixPurple Haze
52.9%
Bruce SpringsteenBorn To Run
51.1%
EminemLose Yourself
50.1%
Alice CooperSchool's Out
49.7%
Johnny CashI Walk the Line
48.7%
Rod StewartMaggie May
46%
Elvis PresleyHound Dog
45.2%
PrinceWhen Doves Cry
44.8%
Stevie WonderSuperstition
43.7%
Chuck BerryJohnny B. Goode
42.6%
Tom PettyFree Fallin'
41.8%
Singer Song % Correct
Dolly PartonJolene
40.5%
Bob DylanLike a Rolling Stone
38.8%
MadonnaLike A Prayer
37.8%
Jeff BuckleyHallelujah
36.9%
James TaylorFire and Rain
35.2%
Elton JohnYour Song
35.1%
Marvin GayeWhat's Going On
34.3%
Lou ReedWalk on the Wild Side
32.9%
Dusty SpringfieldSon of a Preacher Man
30.9%
Al GreenLet's Stay Together
29%
David BowieHeroes
23.9%
Glen CampbellWichita Lineman
16.8%
Sam CookeA Change Is Gonna Come
14.5%
James BrownPapa's Got a Brand New Bag
14.3%
Neil YoungRockin' in the Free World
12.1%
Carole KingIt's Too Late
10.4%
Hank WilliamsI'm So Lonesome I Could Cry
6.4%
Remove Ads.
Support Sporcle.
Get the best of Sporcle when you Go Orange. This ad-free experience offers more features, more stats, and more fun while also helping to support Sporcle. Thank you for becoming a member.

You're not logged in!

Compare scores with friends on all Sporcle quizzes.
OR
Log In

Show Comments

Extras

Top Quizzes Today


Score Distribution

Your Account Isn't Verified!

In order to create a playlist on Sporcle, you need to verify the email address you used during registration. Go to your Sporcle Settings to finish the process.

Report this User

Report this user for behavior that violates our Community Guidelines.

Details: